000
00340nam a2200145Ia 4500
008
210210b1972 xxu||||| |||| 00| 0 eng d
082
_a
597.96 STIS
100
_a
STIDWORTHY (John).
245
_a
Snakes of the world.
260
_a
London
_b
Bantam books
_c
1972
300
_a
159
650
_a
Snakes
690
_a
Zoology
906
_a
029712
999
_c
80918
_d
80918